| 000 | 01972nam a22002657a 4500 | ||
|---|---|---|---|
| 005 | 20240305165512.0 | ||
| 007 | cr|||| |||| | ||
| 008 | 180927s2017 es |||||s|||| 00||0 spa d | ||
| 020 | _a978-84-9961-263-8 | ||
| 035 | _a22037 | ||
| 040 | _avLex | ||
| 090 |
_c8135 _d8135 |
||
| 100 | 1 | _aValverde Cano, Ana Belén | |
| 245 | 1 | 2 |
_aLa protección jurídico-penal de las víctimas de las formas contemporáneas de esclavitud... _h[Recurso electrónico] / _cAna Belén Valverde Cano |
| 256 | _aServicio en línea | ||
| 260 |
_aMadrid: _bEditorial Universitaria Ramón Areces, _c2017 |
||
| 300 | _a1 recurso electrónico | ||
| 500 | _aA la luz del derecho internacional, europeo y nacional. Se establecerá, en primer lugar, el marco normativo de las formas contemporáneas de esclavitud y cómo se aplica por los Tribunales Internacionales. Una vez aclarados los conceptos de Derecho Internacional y tras haber detectado los problemas de aplicación de las definiciones en la jurisprudencia, es posible analizar críticamente los ordenamientos jurídicos nacionales a la luz de la normativa internacional. En este caso, se efectúan el análisis de la regulación española sobre las formas contemporáneas de esclavitud para saber si se adecúa al Derecho Internacional y protege adecuadamente a las víctimas o si, por el contrario, España está incumpliendo alguna obligación internacional. | ||
| 506 | 1 |
_aDisponible solo en los productos indicados _dvLex Global _dvLex Global (Academic Edition, excluding Law Schools) _dvLex Global (U.S. Academic Edition, Law Schools) _dvLex Global (U.S. Academic Edition, excluding Law Schools) _dvLex Global (Academic Edition, Law Schools) |
|
| 650 | 0 | 4 |
_aDerecho Penal _zEspaña |
| 650 | 0 | 4 |
_aDerecho Internacional _zEspaña |
| 740 | 0 | _avLex Libros (Servicio en línea) | |
| 856 | 4 | 0 | _uhttps://app.vlex.com/#/sources/proteccion-juridico-penal-de-las-victimas-de-las-formas-contemporaneas-de-esclavitud-22037 |
| 942 | _cRAA | ||
| 999 |
_c166372 _d166372 |
||